|
|
|
|
| LEADER |
01651nam a2200421 4500 |
| 001 |
ocn861528400 |
| 003 |
OCoLC |
| 005 |
20180501122013.0 |
| 006 |
m o d |
| 007 |
cr cn||||||||| |
| 008 |
130919s2013 caua ob 001 0 eng d |
| 040 |
|
|
|a E7B
|b eng
|e rda
|e pn
|c E7B
|d N$T
|d UIU
|d OCLCF
|d OCLCQ
|d CNCGM
|d GrThAP
|
| 020 |
|
|
|a 9780124078437
|q (electronic bk.)
|
| 020 |
|
|
|a 0124078435
|q (electronic bk.)
|
| 020 |
|
|
|a 9780124076945
|
| 035 |
|
|
|a (OCoLC)861528400
|
| 050 |
|
4 |
|a QH581.2
|b .I58 2013eb
|
| 072 |
|
7 |
|a SCI
|x 056000
|2 bisacsh
|
| 082 |
0 |
4 |
|a 571.6
|
| 049 |
|
|
|a TEFA
|
| 245 |
0 |
0 |
|a International review of cell and molecular biology.
|n Volume three hundred and six /
|c edited by Kwang W. Jeon.
|
| 250 |
|
|
|a First edition.
|
| 264 |
|
1 |
|a San Diego, CA :
|b Academic Press,
|c 2013.
|
| 300 |
|
|
|a 1 online resource (438 pages) :
|b illustrations (some color).
|
| 336 |
|
|
|a text
|b txt
|2 rdacontent
|
| 337 |
|
|
|a computer
|b c
|2 rdamedia
|
| 338 |
|
|
|a online resource
|b cr
|2 rdacarrier
|
| 490 |
0 |
|
|a International review of cell and molecular biology,
|x 1937-6448 ;
|v volume three hundred and six
|
| 504 |
|
|
|a Includes bibliographical references and index.
|
| 588 |
0 |
|
|a Online resource; title from PDF title page (ebrary, viewed September 19, 2013).
|
| 650 |
|
0 |
|a Cells.
|
| 650 |
|
0 |
|a Molecular biology.
|
| 650 |
|
7 |
|a SCIENCE
|x Life Sciences
|x Anatomy & Physiology.
|2 bisacsh
|
| 650 |
|
7 |
|a Cells.
|2 fast
|0 (OCoLC)fst00850250
|
| 650 |
|
7 |
|a Molecular biology.
|2 fast
|0 (OCoLC)fst01024734
|
| 655 |
|
4 |
|a Electronic books.
|
| 700 |
1 |
|
|a Jeon, Kwang W.
|
| 856 |
4 |
0 |
|u https://www.sciencedirect.com/science/bookseries/19376448/306
|z Full Text via HEAL-Link
|